Tractatus portori Gedanensis cum notis

Titel: Tractatus portori Gedanensis cum notis / [Gottfried Lengnich]
Verfasser:
Veröffentlicht: Gedani : Schreiber, 1762
Umfang: 131 S.
Format: Buch
Sprache: Latein
Kein Bild verfügbar
X
Lokale Klassifikation: 7 12 F
alg: 10752430
001A    $03004:08-10-02 
001B    $01999:19-05-23 $t21:53:29.000 
001C    $06002:02-03-06 $t20:27:45.000 
001D    $03004:08-10-02 
001U    $0utf8 
001X    $00 
002@    $0Aau 
003@    $0107524309 
003O    $0175064594 $aOCoLC 
007A    $0107524309 $aHEB 
007T    $0Herdhh107524309 
010@    $alat 
011@    $a1762 
013H    $0z 
021A    $aTractatus portori Gedanensis cum notis $h[Gottfried Lengnich] 
028A    $#Lengnich, Godofredus $#Lengnich, Godefredus $#Lengnich, Gotfridus $#Lengnich, Godofridus $#Lengnichius, Godofredus $#Lengnichius, Gotfridus $#Lengnich, Gotfryd $#Lengnich, Gotfryd Bogumil $#Lengnisch, Gottfried $7119291541 $8Lengnich, Gottfried$Z1689-1774 [Tp1] $9087631393 
033A    $pGedani $nSchreiber 
034D    $a131 S. 
045F    $a340.09 $eDDC23BSB 
045F/01 $a340.09 
045F/03 $f0903 
045F/03 $f09041 
045F/03 $g4382 
045G    $a351.09 $eDDC23BSB 
045G/01 $a351.09 
045G/03 $g438 
045G/03 $g4382 
045G/03 $g43832 
046F    $aVerf. ermittelt 
046L    $aIn Fraktur 

lok: 10752430 24
101B    $005-12-02 $t19:06:58.231 
101C    $008-10-02 
145Z/01 $a7 12 F 
101U    $0utf8 

exp: 10752430 24 1 #EPN
201B/01 $025-04-06 $t15:27:56.000 
201C/01 $008-10-02 
203@/01 $0176374833 
208@/01 $a08-10-02 $br 
209A/01 $aR/ 7 XII F 2 $dd $f050 $h7 12 F 2 $x00 $ic 
247C/01 $8358050-7 Marburg, Bibliothek des Herder-Instituts Marburg $9102600961 
201U/01 $0utf8 

lok: 10752430 78

exp: 10752430 78 1 #EPN
201B/01 $026-11-17 $t04:58:45.000 
201U/01 $0utf8 
203@/01 $0793517346 
208@/01 $a12-11-16 $be 
209A/01 $a/ $f000 $x00 
220C/01 $aAnmerkung: *ng 
237A/01 $aIn Fraktur. - weiterführende Signatur(en): Herder-Institut: R/ 7 XII F 2 
244Z/01 $2Trx $#Prusy Wschodnie i Zachodnie $8--Trx--Ost- und Westpreußen $x01 $939113373X 
244Z/01 $2Trx $#Poola $#Lenkija $#Polija $#Polen Land $#Poland $#Lengyelország $#Poľsko $#Polsko $8--Trx--Polska$gkraj $x02 $9391345966 
244Z/01 $#Danzig $#Ville Libre de Danzig $#Dantzig $#Ville Libre de Dantzig $#Freistaat Danzig $#Gdańsk $#Freie Stadt Danzig $#Urząd Miejski w Gdańsku $#Gyddanzyc $#Gedanum $#Dantiscum $74011039-4 $8--Tg1--Danzig $x03 $9085022225 
244Z/01 $2Trx $8--Trx--Monographie $x04 $9391384546 
245Z/01 $a07.01 $x01 
247C/01 $82080>Marburg/Lahn, Herder-Institut, Forschungsbibliothek, Bibliographieportal $9336309341
LEADER 00000cam a2200000 c 4500
001 107524309
003 DE-603
005 20230519215329.0
007 tu
008 021008s1762 xx |||| | u00||u|lat c
035 |a (DE-599)HEB107524309 
035 |a (OCoLC)175064594 
040 |a DE-603  |b ger  |c DE-603  |d DE-603 
041 |a lat 
082 0 4 |8 1\u  |a 340.09  |q DE-101  |2 23/BSB 
083 0 |8 2\u  |a 351.09  |q DE-101  |2 23/BSB 
085 |8 1\u  |b 340.09 
085 |8 1\u  |z 1  |s 0903 
085 |8 1\u  |z 1  |s 09041 
085 |8 1\u  |z 2  |s 4382 
085 |8 2\u  |b 351.09 
085 |8 2\u  |z 2  |s 438 
085 |8 2\u  |z 2  |s 4382 
085 |8 2\u  |z 2  |s 43832 
100 1 |a Lengnich, Gottfried  |d 1689-1774  |0 (DE-603)087631393  |0 (DE-588)119291541  |2 gnd 
245 0 0 |a Tractatus portori Gedanensis cum notis  |c [Gottfried Lengnich] 
264 1 |a Gedani  |b Schreiber  |c 1762 
300 |a 131 S. 
546 |a In Fraktur 
550 |a Verf. ermittelt 
924 0 |9 Mb 50  |a (DE-603)176374833  |b DE-Mb50  |c HES  |d d  |g R/ 7 XII F 2 
924 0 |9 2080  |a (DE-603)793517346  |b DE-2080  |c HES  |d d  |g /